Εισαγωγή στη φιλοσοφία της επιστήμης
Αποθηκεύτηκε σε:
| Κύριος συγγραφέας: | |
|---|---|
| Μορφή: | Βιβλίο |
| Γλώσσα: | Greek |
| Δημοσίευση: |
Θεσσαλονίκη :
Αντ.Σταμούλη,
2010.
|
| Θέματα: | |
| Ετικέτες: |
Προσθήκη ετικέτας
Δεν υπάρχουν, Καταχωρήστε ετικέτα πρώτοι!
|
MARC
| LEADER | 00000cam a2200000 a 4500 | ||
|---|---|---|---|
| 001 | 1/124936 | ||
| 008 | 220530s2010####gr ||||||| |||| ||gre|| | ||
| 020 | |a 9789606887406 | ||
| 040 | |a GR-MyUa |b gre |c GR-MyUa |e AACR2 | ||
| 041 | 0 | |a gre | |
| 082 | 7 | |a 501 |2 (23) | |
| 100 | 1 | |a Αυγελής, Νικόλαος Γ. | |
| 245 | 1 | 0 | |a Εισαγωγή στη φιλοσοφία της επιστήμης / |c Νίκος Αυγελής. |
| 260 | |a Θεσσαλονίκη : |b Αντ.Σταμούλη, |c 2010. | ||
| 300 | |a 209 σ. ; |c 24 εκ. | ||
| 650 | 0 | |a Philosophy and science | |
| 650 | 0 | |a Science |x Philosophy. | |
| 852 | |a INST |b LESVOS |c EUDOXUS |e 20220530 |h 501 ΑΥΓ |p 005100064269 |q 005100064269 |t EDX |y 0 | ||
| 920 | |a Εύδοξος |b Παραγγελία |y Λέσβος-ΤΚ |z 2022-05 | ||
| 970 | |a Δημάκη |b Μαρία |z 30-05-2022 | ||